000 00414nam a2200181Ia 4500
001 15385
005 20260306170152.0
008 260306t2014||||xx |||||||||||||| ||und||
041 _aESP
082 _a537
_bS13
100 _aSadiku, Matthew N. O.
_eAUT
245 0 _aElementos de electromagnetismo
260 _c2014
300 _axv, 767
_c
650 _aGEN
654 _aCIC
942 _cLIB
_dJUS
_fJUS
_2ddc
_n
999 _c15385
_d15385